|
|
|
|
| LEADER |
00000css a2200000 a 4500 |
| 001 |
67046 |
| 003 |
Ucuenca |
| 005 |
20230308222234.0 |
| 008 |
996112|1996 cu |||||r|||||||||||spa|| |
| 022 |
|
|
|a 0010-5937
|
| 040 |
|
|
|b spa
|
| 041 |
0 |
|
|a spa
|
| 082 |
0 |
|
|a 805
|b C296C
|
| 110 |
2 |
|
|a Casa de las Américas.
|9 104956
|
| 245 |
|
|
|a Conjunto
|c Casa de la Américas
|h imp
|
| 264 |
|
|
|a La Habana
|b Casa de las Américas
|c Enero-Junio 1996
|
| 300 |
|
|
|a 102 páginas:
|b ilu
|c 27.5cm
|
| 362 |
|
|
|a no. 102 (enero junio de 1996)
|
| 650 |
1 |
|
|a Texto dramatico
|9 27520
|
| 650 |
1 |
|
|a Teatro hispanoamericano posmodernismo
|9 202832
|
| 650 |
1 |
|
|a Ofelia
|9 202833
|
| 650 |
1 |
|
|a Teatro colombiano
|9 5237
|
| 650 |
1 |
|
|a Muller heiner
|9 179634
|
| 650 |
|
|
|a Revista conjunto
|9 175209
|
| 650 |
1 |
0 |
|a América Latina
|9 878
|
| 852 |
|
|
|a UC-CDJBV
|f Donación
|l 1
|m General
|p 19961121
|q 0.20
|r 2
|t 67046
|b 0
|d CDRC
|e CDRC
|g 805 C296C TERCER PISO (SECCION REVISTAS)
|z 1996-61-12
|
| 942 |
|
|
|c SER
|
| 999 |
|
|
|c 140126
|d 140126
|